00250nam a2200097Ia 4500008004100000100001600041245003700057260003200094300000800126650001800134191201s2018 xx 000 0 und d aMURUGESH, N 0aconcise textbook of Pharmacology bSathya pubaNew Delhic2018 a297 aPharmacology